04777 am a2200625 a 450000500170000000800410001702000150005804100080007309200190008110000330010024501350013325000110026826000460027930000120032550002070033759000620054465300180060665300140062465300290063865300160066765300160068365300200069965300140071965300140073365300150074765300350076270000240079770000370082193000090085893000090086793000090087693000090088593000090089494200120090399900130091595201360092895201380106495201370120295201170133995201360145695201360159295201390172895201380186795201370200595201840214295202000232695201990252695202000272595202000292595202130312595202130333895201990355195202090375095201920395920240508100145.0100315s2006||||ag a f |||| 001 0 spa d a9509539473 aspa c616.01l6sBAS1 aBasualdo, Juan Ángel.9507 aMicrobiología Biomédica.bBacteriología. Micología. Virología. Parasitología. Inmunología / cJuan Ángel Basualdo. a2a ed. aBuenos Aires: bEditorial Atlante;c2006. a1537 p. aBasualdo, J. A., Coto, C. E y De Torres, R. A. (2006). Microbiología Biomédica. Bacteriología. Micología. Virología. Parasitología. Inmunología. (2a ed.). Buenos Aires : Editorial Atlante. aCompra ESMED, Noviembre 2009 / Compra FACIMED, Junio 2011 aGeneralidades aInmunidad aBacteriología especial aMicología aVirología aParasitología aProtozoos aHelmintos aArtropodos aDiagnóstico coproparasitario1 aCoto, Celia E.95081 aDe Torres, Ramón Alberto.9509 a2021 a2022 a2023 a2024 a2025 2ddccBK c113d113 00102ddc4070aBFMbBFMcCRd2011-05-13l66m7o616.01 6 BASp2021r2024-10-09s2024-09-30tej.16w2011-05-13yBKzSede Tordos.f 00102ddc4070aBFMbBFMcCRd2011-05-13l122m22o616.01 6 BASp2022r2025-10-01s2025-09-17tej.17w2011-05-13yBKzSede Tordos.f 00102ddc4070aBFMbBFMcCRd2011-05-13l68m11o616.01 6 BASp2023r2026-03-09s2025-12-19tej.18w2011-05-13yBKzSede Tordos.f 00104070aBFMbBFMcCRd2011-05-13l110m17o616.01 6 BASp2024r2025-06-12s2025-06-05tej.19w2011-05-13yBK 00102ddc4070aBFMbBFMcCRd2011-05-13l76m9o616.01 6 BASp2025r2025-11-20s2025-11-04tej.20w2011-05-13yBKzSede Tordos.f 00102ddc4070aBFMbBFMcCRd2011-06-29l62m4o616.01 6 BASp2335r2020-02-26s2019-12-16tej.21w2011-06-29yBKzSede Tordos.f 00102ddc4070aBFMbBFMcCRd2011-06-29l199m40o616.01 6 BAS p2389r2024-11-06s2024-10-29tej.22w2011-06-29yBKzSede Tordos.f 00102ddc4070aBFMbBFMcCRd2011-06-29l140m17o616.01 6 BASp2390r2025-10-03s2025-09-25tej.23w2011-06-29yBKzSede Tordos.f 00102ddc4070aBFMbBFMcCRd2011-06-29l62m10o616.01 6 BASp2391r2024-03-05s2023-12-21tej.24w2011-06-29yBKzSede Tordos.f 00102ddc4070aBFMbBFMcCRd2012-07-30eCompra PROMED, Julio 2012g372.00l172m37o616.01 6 BASp2546r2025-03-10s2024-12-04tej.25w2012-07-30yBKzCompra PROMED, Julio 2012 00102ddc4070aBFMbBFMcCRd2012-07-30eCompra PROMED, Julio 2012g372.00l120m21o616.01 6 BASp2547r2026-05-27s2026-05-20tej.26w2012-07-30yBKzCompra PROMED, Julio 2012. Sede Tordos.f 00102ddc4070aBFMbBFMcCRd2012-07-30eCompra PROMED, Julio 2012g372.00l114m8o616.01 6 BASp2548r2025-10-16s2025-10-09tej.27w2012-07-30yBKzCompra PROMED, Julio 2012. Sede Tordos.f 00102ddc4070aBFMbBFMcCRd2012-07-30eCompra PROMED, Julio 2012g372.00l147m17o616.01 6 BASp2549r2026-03-10s2025-12-22tej.28w2012-07-30yBKzCompra PROMED, Julio 2012. Sede Tordos.f 00102ddc4070aBFMbBFMcCRd2012-07-30eCompra PROMED, Julio 2012g372.00l132m24o616.01 6 BASp2550r2025-10-03s2025-09-26tej.29w2012-07-30yBKzCompra PROMED, Julio 2012. Sede Tordos.f 00102ddc4070aBFMbBFMcREFd2012-07-30eCompra PROMED, Julio 2012g372.00l1m10o616.01 6 BASp2551q2029-03-01r2014-11-06s2012-09-04tej.30w2012-07-30yBKzLIBRO DE CATEDRA. Compra PROMED, Julio 2012 00102ddc4070aBFMbBFMcREFd2012-07-30eCompra PROMED, Julio 2012g372.00l2m10o616.01 6 BASp2552q2029-03-01r2014-11-06s2013-04-04tej.31w2012-07-30yBKzLIBRO DE CATEDRA. Compra PROMED, Julio 2012 00102ddc4070aBFMbBFMcCRd2012-07-30eCompra PROMED,Julio 2012g372.00l183m26o616.01; BASp2553r2026-04-20s2026-04-10tej. 32w2012-07-30yBKzCompra PROMED, Julio 2012. Sede Tordos.f 00102ddc4070aBFMbBFMcCRd2025-03-25eDonación Marzo 2025 Vespoli Vega, Daniela.l5o616.01 BASp4992r2025-10-27s2025-10-20tEj. 37w2025-03-25yBKzDonación Marzo 2025 Vespoli Vega, Daniela.f 00102ddc4070aBFMbBFMcCRd2025-11-27eDonación noviembre 2025l1o616.01 BASp5130r2026-02-26s2025-12-01tEj.38w2025-11-28yBKzDonación Barros Medel Lilian, noviembre 2025.f